00813nam a2200205 a 450000100100000000500170001000800410002702000150006804000250008304100150010824500680012326000720019130000260026354600320028956300690032170000340039071000610042495201050048599900170059000004333620250909091243.0140310s2006 sp 000 0 spa d a8472329712 aDO-SdBNPbspacBNPHU17aspaharabe00aCuentos de las dos orillas II /cedición de José Monleón. aMadrid :bAgencia Española de Cooperación Internacional,c2006. a151, 105 p. ;c20 cm. aTextos en español y arabe aDos obras en encuadernada juntas con paginación independiente.12aMonleón, Joséeed.9664192 aAgencia Española de Cooperación Internacional934585 001050718MOaGRbGRcCTd2014-03-10iLF1l0o p43336-10r2020-06-25w2020-06-25y1ZNo se presta c42825d42825